Anticuario. V/D El Mercurio.

Salvato in:
Dettagli Bibliografici
Autore principale: Montero Ward, Beatriz (autora)
Natura: Libro
Lingua:inglese
Pubblicazione: Santiago, Chile: Aguilar Chilena de Ediciones S.A.; Empresa El Mercurio S.A.P., 2008.
Edizione:Primera edición.
Soggetti:
Tags: Aggiungi Tag
Nessun Tag, puoi essere il primo ad aggiungerne!!

MARC

LEADER 00000nam a22000007a 4500
003 CL-VaPUC
005 20240731162110.0
008 220602b2008 ||||| |||| 00| 0 eng d
999 |c 435764  |d 435762 
020 |a 978-956-239-609-7 
040 |c Pontificia Universidad Católica de Valparaíso 
082 7 |a 745.1 MON 2008  |2 22 
100 1 |a Montero Ward, Beatriz   |e autora  |9 870121 
245 |a Anticuario.   |b V/D El Mercurio.  
250 |a Primera edición.  
260 |a Santiago, Chile:  |b Aguilar Chilena de Ediciones S.A.;  |b Empresa El Mercurio S.A.P.,   |c 2008. 
300 |a 297 páginas;  |b ilustraciones a color.  
500 |a c.1 Donación Familia Prof. Alejandro Guzmán Brito. 
500 |a Basado en la columna anticuario que se publica en Revista V/D de El Mercurio.  
583 |c 20220602  |k Cristina María Rojas Aguilar 
650 0 |a Antigüedades  |9 266390 
650 0 |a Artes decorativas  |9 266306 
942 |2 ddc  |c BK  |n 0 
952 |0 0  |1 0  |2 ddc  |4 0  |6 745_100000000000000_MON_2008  |7 1  |8 C_AGB  |9 583365  |a BIBDER  |b BIBDER  |d 2022-06-02  |e Donación   |i 5651458  |o 745.1 MON 2008  |p 5651458  |r 2023-01-25  |t 1  |w 2022-06-02  |y BK_US  |k AGB